000 00460nam a2200181Ia 4500
005 20250326144916.0
008 250326s9999 xx 000 0 und d
020 _a81-7881-067-9
037 _aTextbook
040 _aFMSL
_beng
_cFMSL
041 _aeng
_2eng
084 _aX:8E P2
_qFMSL
245 0 _aProject management vol.II
260 _aIndia
_bIndia, ICFAI
_c2002
300 _a206p
942 _cTB
_hX:8E P2
999 _c1305569
_d1305569